| 000 | 00000nam 2200000za 4500 |
| 001 | 9.840894 |
| 003 | CaOODSP |
| 005 | 20221107151945 |
| 007 | cr ||||||||||| |
| 008 | 170802s2009 onc |o f|0| 0 eng d |
| 040 | |aCaOODSP|beng |
| 043 | |an-cn--- |
| 086 | 1 |aH144-13/7-2009E-PDF |
| 245 | 00|aGuidelines for Canadian drinking water quality |h[electronic resource] : |bguideline technical document - trihalomethanes / |cprepared by the Federal-Provincial-Territorial Committee on Drinking Water of the Federal-Provincial-Territorial Committee on Health and the Environment. |
| 260 | |aOttawa : |bHealth Canada, |c2009. |
| 300 | |avi, 61 p. |
| 500 | |aIssued also in French under title: Recommandations pour la qualité de l'eau potable au Canada : document technique - les trihalométhanes. |
| 500 | |a"May 2006 (with April 2009 addendum)." |
| 500 | |aCover title. |
| 504 | |aIncludes bibliographic references. |
| 692 | 07|2gccst|aDrinking water |
| 710 | 1 |aCanada. |bHealth Canada. |
| 775 | 08|tRecommandations pour la qualité de l’eau potable au Canada |w(CaOODSP)9.840904 |
| 856 | 40|qPDF|s394 KB|uhttps://publications.gc.ca/collections/collection_2017/sc-hc/H144-13-7-2009-eng.pdf |